Investing in Agricultural Supply <The> Determinants of Agricultural Research and Extension Investment

Salvato in:
Dettagli Bibliografici
Autore principale: Judd, M. Ann
Altri autori: Evenson, Robert E., Boyce, James K.
Natura: Libro
Lingua:inglese
Pubblicazione: New Haven Yale University 1987
Edizione:1. ed.
Serie:Center Paper
Tags: Aggiungi Tag
Nessun Tag, puoi essere il primo ad aggiungerne!!

MARC

LEADER 00000nam a2200000 4500
001 c026299
005 20221219120056.1
041 0 |a eng 
044 |a US 
245 1 0 |a Investing in Agricultural Supply  |b <The> Determinants of Agricultural Research and Extension Investment  |c M. Ann Judd, Robert E. Evenson, James K. Boyce 
250 |a 1. ed. 
264 1 |a New Haven  |b Yale University  |c 1987 
300 |a S.78-113 
490 1 |a Center Paper 
830 0 |a Center Paper 
100 1 |a Judd, M. Ann 
700 1 |a Evenson, Robert E. 
700 1 |a Boyce, James K.